00645 2200241 4500001002100000005001700021008004100038020002200079035002400101040001200125082001100137084002100148100003100169245005800200250001100258260002800269300002200297500003100319650001100350700000800361850001200369990002200381INLIS00000000002578920170223133311.0  a978-602-296-219-9 0010-021700000000603 aYOPDYOG a297.41 aDEP 297.41 Riz I aRIZEM AIZID, Ustadz, 1987- aIbadah para juarac/ Ustadz Rizem Aizid ; editor, Nun aCet.1. aYogyakartabSabilc2016 a225 hlm.c; 20 cm aBibliografi : hlm. 221-225 aIbadah aNun aYOPDYOG aCB-D.11/2016-1468